|
|
|
|
| LEADER |
01103cam a2200253 7i4500 |
| 001 |
0000054228 |
| 005 |
20200903090000.0 |
| 020 |
|
|
|a 9780444639189 (electronic book)
|
| 090 |
0 |
0 |
|a GE45.M37
|b M54 2016
|
| 100 |
1 |
|
|a Mihailovic, Dragutin T
|
| 245 |
1 |
0 |
|a Time and methods in environmental interfaces modelling :
|b personal insights
|c Dragutin T. Mihailovic, Igor Balaz, Darko Kapor.
|
| 264 |
|
1 |
|a Amsterdam:
|b Elsevier,
|c 2016.
|
| 300 |
|
|
|a 1 online resource (xxii, 389 pages):
|b illustrations, text file, PDF.
|
| 336 |
|
|
|a text
|2 rdacontent
|
| 337 |
|
|
|a computer
|2 rdamedia
|
| 338 |
|
|
|a online resource
|2 rdacarrier
|
| 490 |
0 |
|
|a Developments in environmentalmodelling;
|v v. 29
|
| 650 |
|
0 |
|a Environmental sciences --
|x Mathematical models
|
| 655 |
|
0 |
|a Electronic books
|
| 700 |
1 |
|
|a Balaz, Igor
|
| 700 |
1 |
|
|a Kapor, Darko
|
| 856 |
4 |
2 |
|u http://library.unisel.edu.my/equip-unisel/custom/ebook_catalog/ebook/DevelopmentsinEnvironmentalModellingcompressed.pdf
|
| 997 |
|
|
|a Engineering & Life Sciences, Faculty
|b Science & Biotechnology, Department
|
| 999 |
|
|
|a EBO0000759
|b EBOOK
|c EBOOK
|e Electronic resources
|